UM Logo

A legacy of good eating. (Record no. 12441)

MARC details
000 -LEADER
fixed length control field 00288nam a2200109 4500
008 - FIXED-LENGTH DATA ELEMENTS--GENERAL INFORMATION
fixed length control field 190125b ||||| |||| 00| 0 eng d
245 ## - TITLE STATEMENT
Title A legacy of good eating.
260 ## - PUBLICATION, DISTRIBUTION, ETC. (IMPRINT)
Place of publication, distribution, etc. Philippines
Name of publisher, distributor, etc. Manila Bulletin
Date of publication, distribution, etc. c2018
300 ## - PHYSICAL DESCRIPTION
Extent page C-2.
650 #0 - SUBJECT ADDED ENTRY--TOPICAL TERM
9 (RLIN) 35086
Topical term or geographic name as entry element Restaurants.
942 ## - ADDED ENTRY ELEMENTS (KOHA)
Source of classification or shelving scheme Dewey Decimal Classification
Koha item type Periodicals
Holdings
Withdrawn status Lost status Source of classification or shelving scheme Damaged status Not for loan Collection code Home library Current library Date acquired Total Checkouts Date last seen Price effective from Koha item type Public note
    Dewey Decimal Classification     Periodicals UM Digos College - LIC UM Digos College - LIC 01/25/2019   01/25/2019 01/25/2019 Periodicals Newspaper Clippings